| 000 | 00316nam a2200097Ia 4500 | ||
|---|---|---|---|
| 005 | 20251222152042.0 | ||
| 008 | 251222s9999||||xx |||||||||||||| ||spa|| | ||
| 082 | _a658.56/I49 | ||
| 245 | 0 | _aProductos agroindustriales de exportación: Compendio de normas técnicas peruanas y guías para su implementación | |
| 942 | _cLIB | ||
| 999 |
_c26080 _d26080 |
||